Stolice państw poziom trudny - Statystyki

Ogólne statystyki
  • Ten quiz został rozwiązany 17 razy
  • Średni wynik to 7 z 11
Statystyki odpowiedzi
Hint Odpowiedź % Poprawnych
Pekin Chiny
100%
Prisztina Kosowo
100%
Montevideo Urugwaj
100%
Baku Azerbejdżan
93%
Biszkek Kirgistan
80%
Port Moresby Papua Nowa Gwinea
60%
Port-au-prince Haiti
40%
Bangi Republika Środkowoafrykańska
33%
Palikir Mikronezja
27%
Tyraspol Naddniestrze
20%
Al-ujun Sahara Zachodnia
13%
Nie znaleziono quizów pasujących do podanych kryteriów
Rozkład punktacji
Procent ludzi z każdym wynikiem
Percentyl według liczby udzielonych odpowiedzi
Twoja historia wyników
Nie rozwiązałeś tego quizu